| 000 -ლიდერი |
| ფიქსირებული სიგრძის საკონტროლო ველი |
01150nam a22002057a 4500 |
| 003 - საკონტროლო ნომრის იდენტიფიკატორი |
| საკონტროლო ველი |
Ge_BSU |
| 005 - ბოლო ოპერაციის თარიღი და დრო |
| საკონტროლო ველი |
20191018110003.0 |
| 008 - ფიქსირებული სიგრძის მონაცემთა ელემენტები - ზოგადი ინფორმაცია |
| ფიქსირებული სიგრძის საკონტროლო ველი |
191018s2019 ge ||||| |||| 00| 0 geo d |
| 020 ## - წიგნის საერთაშორისო სტანდარტული ნომერი |
| International Standard Book Number |
9789941815102 |
| 041 ## - ენის კოდი |
| Language code of text/sound track or separate title |
geo |
| 080 ## - უნივერსალური ათობითი კლასიფიკაციის ინდექსი |
| Universal Decimal Classification number |
929.52(479.22) ფ-38 |
| 100 ## - მთავარი ჩანაწერი - პიროვნების სახელი |
| Personal name |
ფეიქრიშვილი, ჟუჟუნა . |
| 9 (RLIN) |
4824 |
| 245 ## - ცნობა სათაურის შესახებ |
| Title |
ზუბალაშვილების ცხოვრება- გზა სიკეთის მსახურებისა / |
| Statement of responsibility, etc |
ჟუჟუნა ფეიქრიშვილი ; რედ : თინათინ კოკოჩაშვილი. |
| 264 ## - წარმოების, გამოცემის, დისტრიბუციის და სხვა ცნობები |
| გამოცემის, წარმოების, დისტრიბუციის... ადგილი |
თბილისი : |
| გამოცემის, წარმოების, დისტრიბუციის... სახელწოდება |
სულხან - საბა ორბელიანის გამომცემლობა, |
| გამოცემის, წარმოების, დისტრიბუციის... თარიღი |
2019. |
| 300 ## - ფიზიკური აღწერა |
| Extent |
208 გვ .: |
| Other physical details |
ილ ; |
| Dimensions |
20 სმ. |
| 653 ## - INDEX TERM--UNCONTROLLED |
| Uncontrolled term |
ზუბალაშვილების ცხოვრება |
| 653 ## - INDEX TERM--UNCONTROLLED |
| Uncontrolled term |
ბიოგრაფიული და მონათესავე გამოკვლევები |
| 700 ## - ADDED ENTRY--PERSONAL NAME |
| Personal name |
კოკოჩაშვილი , თინათინ |
| Relator term |
რედაქტორი |
| 9 (RLIN) |
4825 |
| 942 ## - ADDED ENTRY ELEMENTS (KOHA) |
| Source of classification or shelving scheme |
|
| Koha item type |
წიგნი |